| 000 | 01059nam a2200277 a 4500 | ||
|---|---|---|---|
| 005 | 20250903063924.0 | ||
| 008 | 010621s1999 es r 000 0 spa d | ||
| 020 | _a8474327601 | ||
| 035 | _aUPN01000108741 | ||
| 049 | _aCG | ||
| 050 | 4 |
_aLB1027.44 _bA6.78 |
|
| 245 | 0 | 3 |
_aEl aprendizaje a través de la indagación : _bdocentes y alumnos diseñan juntos el currículo / _cKathy G. Short ... [et al.] ; tr. Mariana Lazzarino. |
| 260 |
_aBarcelona, Esp. : _bGedisa, _c1999. |
||
| 300 | _a271 p. | ||
| 440 | 0 |
_aBiblioteca de educación. _pDidáctica general ; _v3 |
|
| 534 |
_pTraducción de: _tLearning together through inquiry |
||
| 590 | _a(También localizas un ejemplar en el "Area de Reserva") | ||
| 590 | _aBibliografía Básica (BGTQ), 2010 | ||
| 650 | 7 |
_aTécnica de preguntas _2 _918174 |
|
| 650 | 4 |
_aINTERROGATORIO _918172 |
|
| 650 | 2 |
_aIndagación (Teoría del conocimiento) _9395 |
|
| 650 | 4 |
_aEducación primaria _vPlanes y programas _99146 |
|
| 650 | 4 |
_aDiseño curricular _96719 |
|
| 700 | 1 |
_aShort, Kathy G., _ecoaut. |
|
| 905 | _aLibro | ||
| 999 |
_c82652 _d82652 |
||